00572 2200217 4500001002100000005001500021035002000036007000300056008004100059020002200100082001200122084001800134100002200152245007900174250001000253260003400263300002700297650001100324990000900335990001000344INLIS00000000000038520170927112233 a0010-0917000371ta170927 f 0 ind  a978-602-250-044-5 a297.122 a297.122 AZZ t0 aAzZuhaili, Wahbah1 aTafsir Al Wasith Jilid 2 :bYunus - An Naml /cProf. Dr. Wahbah Az Zuhaili acet.1 aJakarta :bGema Insani,c2013 a848hlm ;c19 x 26.5 cm aTafsir a4912 a4912a